[Event "Bruges op-A"]
[Site "Bruges"]
[Date "2022.08.14"]
[Round "2"]
[White "Sinz, Bernhard"]
[Black "Li Behn, Tobias"]
[Result "1/2-1/2"]
[WhiteElo "2311"]
[BlackElo "2013"]
[PlyCount "90"]
[EventDate "2022.08.13"]
[EventType "swiss"]
[EventRounds "9"]
[EventCountry "BEL"]
[SourceTitle "CBM 209 Extra"]
[Source "ChessBase"]
[SourceDate "2022.09.30"]
[SourceVersion "1"]
[SourceVersionDate "2022.09.30"]
[SourceQuality "1"]

1. d4 f5 2. Bg5 d5 3. e3 Nd7 4. c4 Ndf6 5. cxd5 Nxd5 6. Nc3 Ngf6 7. Bc4 Nb6 8. Bb3 e6 9. Nge2 Bd6 10. Qc2 h6 11. Bh4 g5 12. Bg3 Qe7 13. Bxd6 cxd6 14. h4 Rh7 15. 0-0-0 d5 16. hxg5 hxg5 17. Rxh7 Qxh7 18. Nb5 Kd8 19. Kb1 Ne8 20. g4 Bd7 21. Nbc3 Rc8 22. gxf5 exf5 23. Ng3 Qf7 24. f4 g4 25. Rh1 Nc4 26. Rh8 Qe6 27. Qh2 Qxe3 28. Qh4+ Kc7 29. Bxc4 Qe1+ 30. Kc2 dxc4 31. Rh7 Qe6 32. Re7 Qc6 33. d5 Qf6 34. Qh7 Rd8 35. Nb5+ Kb6 36. Rxd7 Kxb5 37. Rxd8 Qxd8 38. Qxb7+ Kc5 39. Nxf5 Qc7 40. Qa6 Nd6 41. Nxd6 Qxd6 42. Qxa7+ Kxd5 43. Qf7+ Kd4 44. Qg7+ Ke4 45. Qxg4 Qd3+ 1/2-1/2

[Event "NED-ch U18"]
[Site "Almelo"]
[Date "2021.08.05"]
[Round "5"]
[White "Li Behn, Tobias"]
[Black "Hubers, Daan"]
[Result "0-1"]
[WhiteElo "1443"]
[BlackElo "1695"]
[PlyCount "130"]
[EventDate "2021.08.01"]
[EventType "swiss"]
[EventRounds "7"]
[EventCountry "NED"]
[SourceTitle "CBM 203 Extra"]
[Source "ChessBase"]
[SourceDate "2021.09.30"]
[SourceVersion "1"]
[SourceVersionDate "2021.09.30"]
[SourceQuality "1"]

1. c4 g6 2. Nc3 Bg7 3. g3 d6 4. Bg2 Nc6 5. e4 h5 6. h3 Be6 7. d3 Qd7 8. Nge2 f5 9. Be3 h4 10. Qd2 hxg3 11. fxg3 fxe4 12. Bxe4 Bf5 13. 0-0-0 Bxe4 14. Nxe4 Rxh3 15. Nf4 Rxh1 16. Rxh1 Qf5 17. g4 Qd7 18. Rh7 Be5 19. Nxg6 Qxg4 20. Nxe5 Nxe5 21. Ng5 Qf5 22. Qc2 0-0-0 23. Rh1 Qxd3 24. Qxd3 Nxd3+ 25. Kc2 Ne5 26. Kc3 Nf6 27. b4 Rg8 28. a4 Rxg5 29. Bxg5 Ne4+ 30. Kd4 Nxg5 31. c5 Ngf3+ 32. Kd5 Kd7 33. cxd6 cxd6 34. Rh7 Ne1 35. a5 a6 36. Kd4 Nc6+ 37. Kc3 Nf3 38. Rg7 d5 39. Rg3 d4+ 40. Kc4 Nd2+ 41. Kd3 Nf1 42. Rg5 Kd6 43. b5 axb5 44. Rxb5 e5 45. Rxb7 Nxa5 46. Rg7 Ne3 47. Ke4 Nb3 48. Rg6+ Kc5 49. Kxe5 Nc4+ 50. Ke4 Nbd2+ 51. Kf4 Ne3 52. Rg8 Nd5+ 53. Kg3 d3 54. Ra8 Ne4+ 55. Kf3 d2 56. Ra5+ Kd4 57. Ra4+ Kd3 58. Ra1 Ndc3 59. Rg1 Ng5+ 60. Kg4 Nge4 61. Kf3 Ng3 62. Ra1 Nge2 63. Kf2 Nc1 64. Ra8 Kc2 65. Rd8 Nd3+ 0-1

[Event "NED-ch U16 op"]
[Site "Borne"]
[Date "2019.08.10"]
[Round "9"]
[White "Li Behn, Tobias"]
[Black "Neirynck, Arthur"]
[Result "1/2-1/2"]
[WhiteElo "1264"]
[BlackElo "1514"]
[PlyCount "69"]
[EventDate "2019.08.05"]
[EventType "swiss"]
[EventRounds "9"]
[EventCountry "NED"]
[SourceTitle "EXT 2020"]
[Source "ChessBase"]
[SourceDate "2019.10.17"]
[SourceVersion "1"]
[SourceVersionDate "2019.10.17"]
[SourceQuality "1"]

1. d4 Nf6 2. c4 c5 3. d5 b5 4. cxb5 a6 5. Nc3 axb5 6. Nxb5 Ba6 7. Nc3 g6 8. g3 Bg7 9. Bg2 d6 10. e4 0-0 11. Nge2 Nbd7 12. 0-0 Qb6 13. f4 Ra7 14. h3 Rb8 15. Rb1 Ne8 16. Rf3 Bc4 17. b3 Ba6 18. Qc2 Nc7 19. Na4 Qb7 20. Nec3 Nb6 21. Bb2 Bb5 22. Nxb5 Nxb5 23. Bxg7 Kxg7 24. Nxb6 Qxb6 25. Kh2 Nd4 26. Qb2 Kg8 27. Rf2 Qb4 28. Qd2 Ra3 29. Qxb4 Rxb4 30. e5 f6 31. exf6 exf6 32. Re1 Kf7 33. h4 f5 34. Kh3 h5 35. Kh2 1/2-1/2

[Event "NED-ch U16 op"]
[Site "Borne"]
[Date "2019.08.09"]
[Round "8"]
[White "Pol, Florian"]
[Black "Li Behn, Tobias"]
[Result "0-1"]
[WhiteElo "1334"]
[BlackElo "1264"]
[PlyCount "112"]
[EventDate "2019.08.05"]
[EventType "swiss"]
[EventRounds "9"]
[EventCountry "NED"]
[SourceTitle "EXT 2020"]
[Source "ChessBase"]
[SourceDate "2019.10.17"]
[SourceVersion "1"]
[SourceVersionDate "2019.10.17"]
[SourceQuality "1"]

1. c4 c5 2. Nc3 Nc6 3. g3 Nf6 4. Bg2 e6 5. d3 Be7 6. e4 0-0 7. Nge2 d6 8. 0-0 a6 9. a4 Nd7 10. b3 Bf6 11. Bd2 Nb4 12. Rb1 Ne5 13. Be1 Nexd3 14. f4 Nxe1 15. Qxe1 Qc7 16. Qd2 Rd8 17. Rfd1 g6 18. h3 Nc6 19. Kh2 Nd4 20. Nxd4 cxd4 21. Ne2 e5 22. Rf1 Bg7 23. Nc1 Bd7 24. Nd3 a5 25. Qf2 f5 26. exf5 Bxf5 27. Bd5+ Kh8 28. Rbd1 Rab8 29. Qf3 Re8 30. Rfe1 Be6 31. fxe5 dxe5 32. Be4 Rf8 33. Qg2 b6 34. Rf1 Qe7 35. Rfe1 Qd6 36. Rb1 Bd7 37. Bd5 Bf5 38. Be4 Rbc8 39. Rb2 Rf7 40. Bd5 Re7 41. Be4 Rce8 42. g4 Bxe4 43. Qxe4 Bh6 44. Rf1 Bf4+ 45. Kg2 g5 46. Kh1 Re6 47. Kg2 Qc6 48. Qxc6 Rxc6 49. Re2 Rce6 50. Re4 Kg7 51. Kh1 h5 52. Kg2 Kg6 53. Kf3 hxg4+ 54. Kxg4 Kf6 55. Rh1 Rh8 56. Nxf4 Rh4+ 0-1